000 01200cam a22002054a 4500
005 20250605164307.0
008 250528s ||||||||||||||||||||||||d
035 _a22295
020 _a9789606530395
040 _aGR-AtMCL
_bgre
_dGR-AtMCL
_eAACR2
245 1 _aGrow / Ιστορίες Management και Ηγεσίας: 60 Ανθρωποι σε Σημαντικές Θέσεις Ευθύνης Μιλούν για Πρώτη Φορά μέσα από τις Προσωπικές τους Εμπειρίες
260 _bΔιόπτρα,
_c2020
300 _a496
520 _aΓια πρώτη φορά, άνθρωποι σε καίριες θέσεις ευθύνης από τον χώρο κορυφαίων Επιχειρήσεων, της Εκπαίδευσης, του Στρατού και της Εκκλησίας συγκεντρώνουν τις απόψεις τους και εξομολογούνται, μέσα από τα βιώματα τους, τις ιστορίες τους για την ηγεσία, το Manage
700 1 _aΠαπαδήμας Βαγγέλης
_98160
700 1 _aΣπηλίωτης Θοδωρής
942 _cBK
999 _c7349
_d7349